A Textbook of Human Anatomy and physiology (Record no. 6277)

MARC details
000 -LEADER
fixed length control field 00441nam a22001697a 4500
005 - DATE AND TIME OF LATEST TRANSACTION
control field 20230119103004.0
008 - FIXED-LENGTH DATA ELEMENTS--GENERAL INFORMATION
fixed length control field 200518b xxu||||| |||| 00| 0 eng d
020 ## - INTERNATIONAL STANDARD BOOK NUMBER
ISBN 9788193697238
041 ## - LANGUAGE CODE
Language code of text/sound track or separate title eng
082 ## - DEWEY DECIMAL CLASSIFICATION NUMBER
Classification number 615 ROS
100 ## - MAIN ENTRY--AUTHOR NAME
Personal name Rostogi Sammer
245 ## - TITLE STATEMENT
Title A Textbook of Human Anatomy and physiology
260 ## - PUBLICATION, DISTRIBUTION, ETC. (IMPRINT)
Place of publication Delhi
Name of publisher Makhingee Publication shers
300 ## - PHYSICAL DESCRIPTION
Number of Pages 183,vii
650 ## - SUBJECT ADDED ENTRY--TOPICAL TERM
Topical Term Pharmacy
General subdivision B.PHARMA
942 ## - ADDED ENTRY ELEMENTS (KOHA)
Koha item type Books
Holdings
Lost status Damaged status Collection code Home library Current library Shelving location Date acquired Source of acquisition Cost, normal purchase price Full call number Accession Number Koha item type
    PHARMACY JRU Library JRU Library SHELF-4-D 18/05/2020 PURCHASE 205.00 615 ROS 23983 Books
    Reference JRU Library JRU Library SHELF-4-D 18/05/2020 PURCHASE 205.00 615 ROS 23984 Books